Horticultural tourism (Record no. 30341)

MARC details
000 -LEADER
fixed length control field 00452nam a2200169Ia 4500
008 - FIXED-LENGTH DATA ELEMENTS--GENERAL INFORMATION
fixed length control field 230917s9999||||xx |||||||||||||| ||und||
020 ## - ISBN
Price RS925
040 ## - CATALOGING SOURCE
-- 254178
Original cataloging agency VIVEKANANDA LIBRARY
041 ## - Language
-- English
082 ## - DDC NUMBER
Classification number 338.4791 S48H
100 ## - MAIN ENTRY--PERSONAL NAME
Personal name Sampson, Charlie
245 #0 - TITLE STATEMENT
Title Horticultural tourism
260 ## - PUBLICATION, DISTRIBUTION, ETC. (IMPRINT)
Place of publication, distribution, etc New Delhi
Name of publisher, distributor, etc Discovery Publishing House
Date of publication, distribution, etc 2014
300 ## - PHYSICAL DESCRIPTION
Pages 255 p.
500 ## - GENERAL NOTE
General note 3415 23/01/2019 RBP19/73864 11/02/2019 IHTM (SFS)
942 ## - ADDED ENTRY ELEMENTS (KOHA)
Koha item type Books
Holdings
Withdrawn status Lost status Damaged status Not for loan Location (home branch) Sublocation or collection (holding branch) Shelving location Date acquired Koha issues (times borrowed) Koha full call number Accession No. Koha date last seen Koha item type
        VIVEKANANDA LIBRARY VIVEKANANDA LIBRARY IHTM Library 28/02/2019   338.4791 S48H 387634 17/09/2023 Books
© Designed and Maintained by Vivekananda Library, MDU Rohtak